| 000 | 00667cam a22002172 4500 | ||
|---|---|---|---|
| 001 | 0000001793 | ||
| 005 | 20151217151829.0 | ||
| 008 | 070327s xx 000 0 eng d | ||
| 020 |
_a0273676601 : _cKES 4,440 |
||
| 040 |
_aKABU _cKABU |
||
| 050 | 0 |
_aHD58.7 _b.C37 2004 |
|
| 100 | 1 |
_aCapon, Claire. _@0000150815 |
|
| 245 | 1 | 0 |
_aUnderstanding organizational context : _binside and outside organizations. |
| 250 | _a2nd ed. | ||
| 260 |
_aHarlow, England : _bPearson Educational, _c2004. |
||
| 300 | _axxiv, 461 p. | ||
| 650 | 0 |
_aOrganizational behaviour. _@0000150816 |
|
| 908 | _a070327 | ||
| 950 | _@1 | ||
| 999 |
_c5459 _d5459 |
||